000 01594nam a22002537a 4500
001 020045413
003 DO-SdBNP
005 20180219150832.0
007 02004541
008 161202b 2000 ck a ||||| |||| 00| 0 spa d
020 _a0439049989
040 _aBPMSU
_bspa
_cBPMSU
082 _axxxx
_bxxxx
100 1 _aPilkey, Dav
245 1 0 _aCaptain Underpants and the perilous plot of Professor Poopypants :
_bthe fourth epic novel /
_cDav Pilkey.
260 _aNew York :
_bScholastic,
_c2000.
300 _a151 p. :
_bil. ;
_c21 cm.
490 1 _aCaptain Underpants.
505 _tGeorge and Harold --
_tAll Hail New Swissland --
_tThe Field Trip --
_tLeft Behind --
_tThe Fun Begins --
_tBye Bye, Mr. Fyde --
_tHere, Oh Here --
_tThe Sweetness and Innocence of Children --
_tThe Gerbil Jogger 2000 --
_tJust One More Thing --
_tCaptain Underpants and the Pied Pooper of Piqua --
_tProfessor P. Goes Cra-Z --
_tHoney, I Shrunk the School --
_tThe Perilous Plot --
_tThe Name Change-O-Chart 2000 --
_tFluffy and Cheeseball --
_tCaptain Underpants to the Rescue --
_tAre You There, God? It's Us, Fluffy and Cheeseball --
_tThe Flight of the Goofy Glider --
_tX-tra, X-tra, X-tra, X-tra, X-tra, X-tra, X-tra, X-tra, X-tra Large Underpants --
_tThe Incredibly Graphic Violence Chapter (in Flip-O-Rama) --
_tThe Twenty-Second Chapter --
_tTo Make a Long Story Short --
_tThe Chapter Before the Last Chapter --
_tThe Chapter After the Chapter Before the Last Chapter.
830 0 _aCaptain Underpants.
942 _2ddc
_cBK
945 _aInventariado, 2018 / BT
956 _2LOPEREZ
_310
_620161202
_8BPMSU
_a00041
999 _c12220
_d12220